| 000 | 00408cam a2200157ua 4500 | ||
|---|---|---|---|
| 041 |
_aeng _h |
||
| 082 |
_a692.3 _bPIP/BU |
||
| 100 | _aPippard, W R M . | ||
| 245 |
_aBuilding Supervision Notes an good Building Practice / _cW R M Pippard. _hTextual Documents |
||
| 250 |
_a1 / _b. |
||
| 260 |
_aLondon : _bE&TN spon Ltd , _c1948. |
||
| 300 | _a122 ; . | ||
| 504 | _a | ||
| 942 | _cBK | ||
| 999 |
_c3296 _d3296 |
||